| 000 | 00643nam a2200193Ia 4500 | ||
|---|---|---|---|
| 003 | GCL | ||
| 008 | 140319s9999 xx 000 0 ara d | ||
| 040 |
_aGCL / _cGCL |
||
| 082 | 0 | 4 |
_a956.04 _bج ن |
| 100 | 1 | _aجورج توم | |
| 245 | 1 | 0 |
_aالنفط العربى والقضية الفلسطينية / _cجورج توم |
| 260 |
_a[S.N] : _bمؤسسة الدراسات الفلسطينية ، _c1986 |
||
| 300 | _a23 ص | ||
| 490 |
_aاوراق مؤسسة الدراسات الفلسطسينية _v0 |
||
| 650 | 0 | 4 | _aالقضية الفلسطينية |
| 650 | 0 | 4 | _aالبترول |
| 650 | 0 | 4 | _aالنفط العربى |
| 942 |
_2ddc _cBK |
||
| 999 |
_c33539 _d33539 |
||